| 000 | 00438nam a2200157 i 4500 | ||
|---|---|---|---|
| 001 | 149292 | ||
| 003 | ES-MaACL | ||
| 005 | 20230906203029.0 | ||
| 007 | t| | ||
| 008 | 071019s1971 sp ||||1| spa d | ||
| 100 | 1 |
_aVellvé Bueno, Ernesto. _9113858 |
|
| 245 | 1 | 0 |
_aMirra, fé en barro y destino / _cErnesto Vellvé Bueno. |
| 260 |
_aMadrid : _bIrmayol, _c[1971] |
||
| 300 |
_a187 p. ; _c28 cm. |
||
| 852 |
_aES-MaACL _jC-41440 _bR.76586 |
||
| 999 |
_c149292 _d149292 |
||